000 00826cam a2200253 a 4500
999 _c22577
_d22577
001 3957380
003 OSt
005 20200323133149.0
008 931217s1992 pk b 000 0 eng
020 _a8174352910
040 _coclc
043 _aaw-----
_aff-----
082 _a297.197709
_bSOH/A
100 _aSohail, Muhammad
_92175
245 1 0 _aAdministrative & cultural history of Islam /
_cMuhammad Sohail
250 _a1st ed.
260 _aNew Delhi:
_bAdam Publishers,
_c2002.
300 _a653 p. ;
_c23 cm.
504 _aIncludes bibliographical references (p. 652-653).
650 0 _aIslamic civilization.
740 0 _aAdministrative and cultural history of Islam.
906 _a7
_bcbc
_corigode
_d3
_encip
_f19
_gy-gencatlg
942 _2ddc
_cBK
_h297.197709
_iSOH/A
_k297.197709
_mSOH/A